ARRUPE JESUIT UNIVERSITY

CORONAVIRUS -STOP THE SPREAD - CLEAN,DISINFECT,COVER

Governance and human development in southern in Africa / (Record no. 129604)

MARC details
000 -LEADER
fixed length control field 01363cam a2200373 a 4500
001 - CONTROL NUMBER
control field 12726465
003 - CONTROL NUMBER IDENTIFIER
control field ARRUPE
005 - DATE AND TIME OF LATEST TRANSACTION
control field 20190521085837.0
008 - FIXED-LENGTH DATA ELEMENTS--GENERAL INFORMATION
fixed length control field 010913s1998 rh b 000 0 eng
010 ## - LIBRARY OF CONGRESS CONTROL NUMBER
LC control number 2001311032
020 ## - INTERNATIONAL STANDARD BOOK NUMBER
International Standard Book Number 177905095X
020 ## - INTERNATIONAL STANDARD BOOK NUMBER
International Standard Book Number 1779051018 (cover)
035 ## - SYSTEM CONTROL NUMBER
System control number (DLC) 2001311032
040 ## - CATALOGING SOURCE
Original cataloging agency DLC
Transcribing agency DLC
Modifying agency DLC
042 ## - AUTHENTICATION CODE
Authentication code lcode
043 ## - GEOGRAPHIC AREA CODE
Geographic area code fs-----
050 00 - LIBRARY OF CONGRESS CALL NUMBER
Classification number JQ2720.A91
Item number G68 1998
082 00 - DEWEY DECIMAL CLASSIFICATION NUMBER
Classification number 320.968
Edition number 21
300 ## - PHYSICAL DESCRIPTION
Dimensions 21 cm.
245 00 - TITLE STATEMENT
Title Governance and human development in southern in Africa /
Statement of responsibility, etc Ibbo Mandaza, editor.
246 14 - VARYING FORM OF TITLE
Title proper/short title Governance & human development southern in Africa
260 ## - PUBLICATION, DISTRIBUTION, ETC. (IMPRINT)
Place of publication, distribution, etc Mount Pleasant, Harare, Zimbabwe :
Name of publisher, distributor, etc Sapes Books,
Date of publication, distribution, etc 1998.
300 ## - PHYSICAL DESCRIPTION
Extent xiv, 231 p. ;
440 #0 - SERIES STATEMENT/ADDED ENTRY--TITLE
Title Southern Africa specialised studies series
9 (RLIN) 23046
500 ## - GENERAL NOTE
General note "Selected essays"--Cover.
500 ## - GENERAL NOTE
General note "SAPES Trust"--P. [4] of cover.
504 ## - BIBLIOGRAPHY, ETC. NOTE
Bibliography, etc Includes bibliographical references.
650 #0 - SUBJECT ADDED ENTRY--TOPICAL TERM
Topical term or geographic name as entry element Civil society
Geographic subdivision Africa, Southern.
9 (RLIN) 9027
650 #0 - SUBJECT ADDED ENTRY--TOPICAL TERM
Topical term or geographic name as entry element Human services
Geographic subdivision Africa, Southern.
9 (RLIN) 24754
651 #0 - SUBJECT ADDED ENTRY--GEOGRAPHIC NAME
Geographic name Africa, Southern
General subdivision Politics and government
Chronological subdivision 1994-
9 (RLIN) 46399
700 1# - ADDED ENTRY--PERSONAL NAME
Personal name Mandaza, Ibbo.
9 (RLIN) 23206
906 ## - LOCAL DATA ELEMENT F, LDF (RLIN)
a 7
b cbc
c origode
d 3
e ncip
f 20
g y-gencatlg
942 ## - ADDED ENTRY ELEMENTS (KOHA)
Source of classification or shelving scheme Library of Congress Classification
Koha item type Monograph ( Printed materials)
Holdings
Withdrawn status Lost status Source of classification or shelving scheme Damaged status Not for loan Collection code Home library Current library Shelving location Date acquired Total Checkouts Full call number Barcode Date last seen Price effective from Koha item type Date checked out
    Library of Congress Classification     Main Collection ARRUPE LIBRARY ARRUPE LIBRARY Main Collection 21/05/2019   JQ2720.A91 G68 1998 46600004762 21/05/2019 21/05/2019 Monograph ( Printed materials)  
    Library of Congress Classification     Main Collection ARRUPE LIBRARY ARRUPE LIBRARY Main Collection 21/05/2019 1 JQ2720.A91 G68 1998 46600004764 16/05/2022 21/05/2019 Monograph ( Printed materials) 01/04/2022

 

Arrupe Library. PO Box MP320 Mt Pleasant, Harare, Zimbabwe
263 242 745411|librarian@aju.ac.zw